header

COLLEGE ALGEBRA-with modelling & visualization (Record no. 252227)

MARC details
000 -LEADER
fixed length control field 00316nam a22001217a 4500
020 ## - INTERNATIONAL STANDARD BOOK NUMBER
ISBN 9780321542304
100 ## - MAIN ENTRY--AUTHOR NAME
Personal name ROCKSWOLD GARY
245 ## - TITLE STATEMENT
Title COLLEGE ALGEBRA-with modelling & visualization
250 ## - EDITION STATEMENT
Edition statement 4th ed
260 ## - PUBLICATION, DISTRIBUTION, ETC. (IMPRINT)
Place of publication BOSTON
Name of publisher PEARSON/addison-wesley
Year of publication 2010
300 ## - PHYSICAL DESCRIPTION
Number of Pages various pagination
Other physical details ill
942 ## - ADDED ENTRY ELEMENTS (KOHA)
Koha item type Long Loan Books
Holdings
Withdrawn status Lost status Collection code Home library Current library Shelving location Date acquired Full call number Accession Number Koha item type
    Non-fiction Rongo University Library Rongo University Library General Stacks 28/01/2016 QA152.3 .R63 2010 20169435 Long Loan Books
    Non-fiction Rongo University Library Rongo University Library General Stacks 28/01/2016 QA152.3 .R63 2010 20169436 Long Loan Books
    Non-fiction Rongo University Library Rongo University Library General Stacks 28/01/2016 QA152.3 .R63 2010 20169437 Long Loan Books
    Non-fiction Rongo University Library Rongo University Library General Stacks 28/01/2016 QA152.3 .R63 2010 20169438 Long Loan Books
    Non-fiction Rongo University Library Rongo University Library General Stacks 11/05/2016 QA152.3 .R63 2010 201612054 Long Loan Books
    Non-fiction Rongo University Library Rongo University Library General Stacks 11/05/2016 QA152.3 .R63 2010 201612059 Long Loan Books
      Rongo University Library Rongo University Library   17/08/2016 QA 152.3R63 2010 201618354 Long Loan Books
      Rongo University Library Rongo University Library General Stacks 11/01/2017   201616278 Long Loan Books
    Non-fiction Rongo University Library Sori Campus General Stacks 11/05/2016 QA152.3 .R63 2010 201612060 Long Loan Books

© 2026 Rongo University
Contact us: librarian | system librarian | Rongo university